LEADER 00875nas a2200217 i 4500 001 000000152390 003 CaOOAMICUS 005 20070611000000.0 008 060803b2006 it uu u0 0ita r 013 $a129731 040 $aSeMil$bita 245 10$aArtigiano e artigianato :$bpensare oggi per costruire futuro. 260 $aMilano :$bCentro Sociale Ambrosiano,$c2006. 300 $a93 p. ;$c21 cm. 773 0 $tOrientamenti.$dMilano : Centro Sociale Ambrosiano, 1978-2006.$w()2569 774 0 $t[vedi periodico].$w()264703 850 $aSeMil 852 $aSeMil$W1$xVenegono$y1$m235 3 120$j104349$B104349$CSeMilBibl$Z2$F124120 $85 961 $aCambio: Scuola Cattolica 996 $6245$aArtigiano e artigianato :$bpensare oggi per costruire futuro$9(OLS)http://semarc/title/222815 996 $6260$aMilano :$bCentro Sociale Ambrosiano$9(OLS)http://semarc/publisher/30800 LEADER 01158nam a2200253 i 4500 001 000000196921 003 CaOOAMICUS 005 20141120000000.0 008 141120s1988 gw u000 u ger u 013 $a175606 020 $a3-492-03188-9 040 $aSeMil$bita 245 10$aGegenentwürfe :$b24 Lebensläufe für eine andere Theologie /$chrsg. von Hermann Häring u. Karl-Josef Kuschel / hrsg. von Hermann Haring und Karl-Josef Kuschel. 260 $aMünchen ; Zürich :$bPiper,$c1988. 300 $a378 p. ;$c22 cm. 650 4$aTeologia - Saggi.$0(OLS)http://semarc/subject/231 700 1 $aKuschel, Karl-Josef <1948- >.$0(OLS)http://semarc/name/19828 700 1 $aHäring, Hermann <1937- >.$0(OLS)http://semarc/name/25545 850 $aSeMil 852 $aSeMil$W1$xVenegono$y1$m2B III 497$j147484$B147484$CSeMilBibl$Z2$F198148 $81 961 $aLascito: Serenthà don Mario 996 $6020$a3-492-03188-9$9(OLS)http://semarc/number/188947 996 $6245$aGegenentwürfe :$b24 Lebensläufe für eine andere Theologie$9(OLS)http://semarc/title/284329 996 $6260$aMünchen ; Zürich :$bPiper$9(OLS)http://semarc/publisher/32323